Statistiques concernant Quizz HGGSP 5

Cliquez ici pour prendre le quiz!

Statistiques générales

  • Ce quiz a été pris 58 fois
  • Le résultat moyen est 10 sur 20

Statistiques - réponses

QuestionRéponse% Correct
Quelle est la devise de la France ?Liberté, Égalité, Fraternité.
98%
Quel est le plus grand continent du monde par sa superficie ?Asie
93%
Grand résistant français (prénom + nom)Jean Moulin
74%
Quel pays a remporté le plus de médailles d'or olympiques dans l'histoire ?USA
72%
Quel pays a un drapeau qui n'a pas quatre côtésNépal
67%
Qui était le premier président des États-Unis ? (prénom + nom)George Washington.
65%
Nom donné aux français originaires
d'Algérie, pendant la période coloniale
Pied Noir
63%
Quand a eu lieu le premier voyage de Christophe Colomb vers le Nouveau Monde ?1492
58%
Quand date la loi qui autorise l'avortement en France (année)1975
58%
Quel est la capitale du SénégalDakar
49%
Qui est le président du BrésilLula
47%
Quel est le plus grand pays d'Afrique par sa population ?Nigeria
42%
Quel est le sport national du Japon ?Sumo
35%
Quel est le plus grand désert du monde ?Antarctique
33%
Dans quelle ville se situe le plus grand portShanghai
33%
Quel pays a pour capital la ville de Mascate ?Oman
26%
Quel roi de France a acheté La Joconde ?François Ier
16%
Année de création du British museum1753
12%
Année de la création du Commonwealth1931
12%
Quel est le plus grand monument du monde ?La Grande Muraille de Chine.
9%

Distribution des résultats

Percentile par nombre de réponses

% des personnes avec chaque résultat

Votre développement - résultats

Vous n’avez pas pris ce quiz